Die unterschiedlichen Modelle der lexikalischen Semantik und ihre Brauchbarkeit für die Übersetzungstheorie und -praxis

Saved in:
Bibliographic Details
Main Author: Albrecht, Jörn (Author)
Format: Chapter/Article
Language:German
Published: 2012
In: Translationswissenschaft interdisziplinär
Year: 2012, Pages: 127-140
Online Access: Get full text
Author Notes:Jörn Albrecht

MARC

LEADER 00000caa a22000002c 4500
001 1437317618
003 DE-627
005 20220810151050.0
007 tu
008 120626s2012 xx ||||| 00| ||ger c
035 |a (DE-627)1437317618 
035 |a (DE-576)367317613 
035 |a (DE-599)BSZ367317613 
035 |a (OCoLC)1340418065 
040 |a DE-627  |b ger  |c DE-627  |e rakwb 
041 |a ger 
084 |a 51  |2 sdnb 
100 1 |a Albrecht, Jörn  |d 1939-  |0 (DE-588)121392996  |0 (DE-627)081278756  |0 (DE-576)160046920  |4 aut 
245 1 4 |a Die unterschiedlichen Modelle der lexikalischen Semantik und ihre Brauchbarkeit für die Übersetzungstheorie und -praxis  |c Jörn Albrecht 
264 1 |c 2012 
300 |a 14 
336 |a Text  |b txt  |2 rdacontent 
337 |a ohne Hilfsmittel zu benutzen  |b n  |2 rdamedia 
338 |a Band  |b nc  |2 rdacarrier 
773 0 8 |i In  |a TRANSLATA (Veranstaltung : 1. : 2011 : Innsbruck)  |t Translationswissenschaft interdisziplinär  |d Frankfurt am Main : Peter Lang, Internationaler Verlag der Wissenschaften, 2012  |g (2012), Seite 127-140  |h XXXI, 413 Seiten  |w (DE-627)1617535389  |w (DE-576)367317028  |z 9783631635087  |7 nnam 
773 1 8 |g year:2012  |g pages:127-140  |g extent:14  |a Die unterschiedlichen Modelle der lexikalischen Semantik und ihre Brauchbarkeit für die Übersetzungstheorie und -praxis 
951 |a AR 
992 |a 20120626 
993 |a BookComponentPart 
994 |a 2012 
998 |g 121392996  |a Albrecht, Jörn  |m 121392996:Albrecht, Jörn  |d 90000  |d 90900  |e 90000PA121392996  |e 90900PA121392996  |k 0/90000/  |k 1/90000/90900/  |p 1  |x j  |y j 
999 |a KXP-PPN1437317618  |e 2716594759 
BIB |a Y 
JSO |a {"id":{"eki":["1437317618"]},"person":[{"role":"aut","family":"Albrecht","given":"Jörn","display":"Albrecht, Jörn"}],"recId":"1437317618","language":["ger"],"type":{"bibl":"chapter"},"name":{"displayForm":["Jörn Albrecht"]},"physDesc":[{"extent":"14 S."}],"origin":[{"dateIssuedDisp":"2012","dateIssuedKey":"2012"}],"title":[{"title_sort":"unterschiedlichen Modelle der lexikalischen Semantik und ihre Brauchbarkeit für die Übersetzungstheorie und -praxis","title":"Die unterschiedlichen Modelle der lexikalischen Semantik und ihre Brauchbarkeit für die Übersetzungstheorie und -praxis"}],"relHost":[{"disp":"TRANSLATA (Veranstaltung : 1. : 2011 : Innsbruck)Translationswissenschaft interdisziplinär","title":[{"subtitle":"Fragen der Theorie und Didaktik : Tagungsband der 1. Internationalen Konferenz Translata \"Translationswissenschaft: Gestern - Heute - Morgen\", 12.-14. Mai 2011, Innsbruck = Translation studies : interdisciplinary issues in theory and didactics : proceedings of the 1st International conference Translata \"Translation & interpreting research: yesterday - today - tomorrow\", May 12-14, 2011, Innsbruck","title_sort":"Translationswissenschaft interdisziplinär","title":"Translationswissenschaft interdisziplinär"}],"origin":[{"publisherPlace":"Frankfurt am Main ; Berlin ; Bern ; Bruxelles ; New York ; Oxford ; Wien","dateIssuedDisp":"[2012]","publisher":"Peter Lang, Internationaler Verlag der Wissenschaften","dateIssuedKey":"2012"}],"name":{"displayForm":["Lew N. Zybatow/Alena Petrova/Michael Ustaszeski (Hrsg.)"]},"type":{"bibl":"book"},"person":[{"family":"Zybatow","role":"edt","given":"Lew N.","display":"Zybatow, Lew N."},{"family":"Petrova","role":"edt","given":"Alena","display":"Petrova, Alena"},{"role":"edt","family":"Ustaszewski","display":"Ustaszewski, Michael","given":"Michael"}],"recId":"1617535389","id":{"eki":["1617535389"],"isbn":["9783631635087"]},"part":{"year":"2012","text":"(2012), Seite 127-140","pages":"127-140","extent":"14"},"relMultPart":[{"part":{"number_sort":["15"],"number":["Band 15"]},"disp":"Forum Translationswissenschaft","title":[{"title":"Forum Translationswissenschaft","title_sort":"Forum Translationswissenschaft"}],"dispAlt":"Forum Translationswissenschaft","origin":[{"dateIssuedKey":"2002","publisher":"Peter Lang ; Lang ; Lang-Ed. ; Peter Lang Edition ; Peter Lang","publisherPlace":"Berlin ; Lausanne ; Frankfurt am Main ; Berlin ; Bern ; Wien ; Frankfurt, M. ; Frankfurt am Main ; Bern ; Wien ; Berlin ; Bern ; Wien","dateIssuedDisp":"2002-"}],"type":{"bibl":"serial"},"id":{"eki":["359788343"],"zdb":["2098530-7"],"issn":["1610-286X"]},"language":["ger"],"pubHistory":["1.2002 -"],"recId":"359788343"}],"titleTranslated":[{"translated":"Translation studies"}],"note":["Literaturangaben"],"corporate":[{"role":"aut","display":"TRANSLATA (1., 2011, Innsbruck)"}],"physDesc":[{"extent":"XXXI, 413 Seiten","noteIll":"Diagramme"}],"language":["ger","eng","fre","ita"]}]} 
SRT |a ALBRECHTJOUNTERSCHIE2012